00729nam a2200241 a 4500001001300000003000900013005001700022008004100039020002300080082001900103100002000122245005000142260003700192300000900229500003500238505002600273650001600299700002000315902000800335942000700343952012000350999001700470nice12345678IN_TiNIC20260116013254.0050524s1997 dela grp 000 0 eng  a8171418 c25000a305.40954bMUT aMuthulakshmi, R aFemale Infanticideb Its Causes and Solutions aDelhibDiscovery Pub.Housec1997 a132p aincludes index and biblioraphy2 aBibliography, Indices aWomen-India1 aMuthulakshmi, R bSRS cBK 001040708StackRoom-aHMIbHMId2007-03-21g250.00l0o305.40954 MUTp017572r2007-03-21v250.00w2005-05-24yBK c10345d10345